Особливості оцінки окремих джерел доказів у кримінальному процесі України (Запис № 573913)
[ простий вигляд ]
| 000 -Лідер | |
|---|---|
| fixed length control field | 03865nam a2200253 4500 |
| 001 - Контрольний номер | |
| control field | 216223537 |
| 003 - Ідентифікатор контрольного номера | |
| control field | UA-OsUOA |
| 005 - Дата та час останнього входження (трансакції) | |
| control field | 20230307141946.0 |
| 008 - Елементи даних фіксованої довжини – загальна інформація | |
| fixed length control field | 230307b un ||||| |||| 00| 0 ukr d |
| 040 ## - Джерело каталогізації | |
| Агенція оригінальної каталогізації | UA-OsUOA |
| Мова каталогізації | ukr |
| Агенція, яка здійснювала перезапис | UA-OsUOA |
| Агенція, яка здійснювала модифікацію | UA-OsUOA |
| 041 ## - Код мови | |
| Код мови тексту/ звукової доріжки чи окремого заголовка (П) | ukr |
| 080 ## - Індекс Універсальної десяткової класифікації | |
| Індекс Універсальної десяткової класифікації (УДК) (НП) | 343.9 |
| 090 ## - Локальний шифр розміщення | |
| Класифікаційний індекс УДК | 343.9 |
| 095 ## - Код спеціальності для авторефератів | |
| Код спеціальності | 12.00.09 |
| Назва спеціальності | кримінальний процес та криміналістика; судова експертиза; оперативно-розшукова діяльність |
| 100 ## - Основне введення – ім’я особи | |
| Ім’я особи (НП) | Кратко Д. М. |
| 245 ## - Відомості про назву | |
| Назва (НП) | Особливості оцінки окремих джерел доказів у кримінальному процесі України |
| Дані про відповідальність (НП) | Кратко Дмитро Михайлович ; наук. керівник Топчій Василь Васильович |
| 260 ## - Публікація, розповсюдження і т.п. (Вихідні дані) | |
| Місце публікації, розповсюдження і т.п. (П) | Ірпінь |
| Дата публікації, розповсюдження і т.п. (П) | 2021 |
| 300 ## - Фізичний опис | |
| Обсяг | 18 с. |
| 502 ## - Примітка про дисертацію | |
| Зв'язок | Автореферат дисертації на здобуття наукового ступеня кандидата юридичних наук<br/> |
| Наймення інституції, що представляється | Університет державної фіскальної служби України |
| Рік отримання вченого ступеня | 2021 |
| 520 ## - Резюме і т.п. | |
| Резюме, реферат, анотація, тощо (НП) | Дисертацію присвячено комплексному дослідженню проблем оцінки окремих джерел доказів у кримінальному процесі України. Розкрито стан дослідження проблем оцінки доказів у кримінальному провадженні. Сьогодні існує нагальна потреба вирішення ряду теоретичних і практичних проблем, пов’язаних із з’ясуванням: поняття та значення джерел доказів у<br/>кримінальному процесі України; змісту джерел доказів за Кримінальним процесуальним кодексом України; поняття та видів критеріїв оцінки джерел доказів; історії законодавчого регулювання оцінки доказів та їх джерел; сучасного поняття і значення оцінки в теорії доказування; змісту оцінки доказів та їх джерел за кримінальним процесуальним законодавством України; поняття речових доказів та їх оцінки у кримінальному провадженні; порядку оцінки висновку експерта та спеціаліста і документів як самостійних джерел доказів.<br/>Визначено, що вимоги, які висуваються до джерел доказів, мають важливі гарантії достовірного встановлення обставин, що підлягають доказуванню, обґрунтування ухвалених рішень. Встановлено, що чітке включення висновку спеціаліста до джерел доказів відкрило б широкі можливості використання спеціальних знань у кримінальному судочинстві, посилило б їх роль у доказуванні у кримінальних провадженнях. Зауважено, що сутність правила про належність доказових відомостей - в обмеженні меж доказування колом істотних для вирішення провадження обставин. |
| 650 ## - Додаткове предметне введення – тематичний термін | |
| Джерело заголовка чи терміна | UDC |
| Тематичний термін чи географічна назва, як елемент введення (НП) | 34 Право. Юриспруденція |
| 942 ## - Додаткові елементи входу (Коха) | |
| Source of classification or shelving scheme | Universal Decimal Classification |
| Тип елемента Koha | Автореферат |
| 955 ## - Код типу видання за змістом | |
| Код типу видання за змістом (НП) | Наукові видання |
Немає доступних примірників.